[Event "Goa op 1st"]
[Site "Taleigao"]
[Date "2018.10.17"]
[Round "7"]
[White "Sudhanshu, Ranjan"]
[Black "Deshmukh, Anup"]
[Result "0-1"]
[WhiteElo "2060"]
[BlackElo "2267"]
[PlyCount "130"]
[EventDate "2018.10.13"]
[EventType "swiss"]
[EventRounds "10"]
[EventCountry "IND"]
[SourceTitle "CBM 186 Extra"]
[Source "ChessBase"]
[SourceDate "2018.08.24"]
[SourceVersion "1"]
[SourceVersionDate "2018.08.24"]
[SourceQuality "1"]

1. d4 Nf6 2. c4 c5 3. d5 b5 4. Nf3 e6 5. dxe6 fxe6 6. cxb5 d5 7. e3 Bd6 8. Nc3 0-0 9. e4 Bc7 10. Bd3 Nbd7 11. 0-0 Bb7 12. exd5 exd5 13. Ne2 h6 14. Bf4 Nh5 15. Bxc7 Qxc7 16. Ng3 Nf4 17. Re1 Rf7 18. Bf1 Raf8 19. Rc1 Qb6 20. Rc2 Kh8 21. a4 Qa5 22. b3 Qb4 23. Rd2 d4 24. Ne5 Nxe5 25. Rxe5 Bd5 26. Rb2 d3 27. Rxd5 Nxd5 28. Qxd3 Nb6 29. Qd2 Qa3 30. Ne4 Rd7 31. Qc2 Rfd8 32. Rb1 Rd5 33. Rc1 Qb4 34. f3 Re5 35. Qc3 Qxc3 36. Rxc3 Rd1 37. Rxc5 Rxc5 38. Nxc5 Rc1 39. Ne6 Nd5 40. Kf2 Rc2+ 41. Kg3 Ne3 42. Bd3 Rb2 43. Nc5 Rxg2+ 44. Kf4 Nd5+ 45. Ke5 Nb4 46. h4 h5 47. Be4 Ra2 48. Na6 Nxa6 49. bxa6 Rb2 50. Bd5 g6 51. f4 Kg7 52. Bc4 Rb1 53. Kd6 Kf6 54. Kc6 Re1 55. a5 Re4 56. Kc5 Ke7 57. b4 Kd7 58. b5 Kc7 59. b6+ Kb8 60. bxa7+ Kxa7 61. Bd3 Rxf4 62. Bxg6 Rxh4 63. Kd6 Rh1 64. Ke5 h4 65. Kf4 Rf1+ 0-1

[Event "Gujarat op 1st"]
[Site "Ahmedabad"]
[Date "2018.10.11"]
[Round "9"]
[White "Sudhanshu, Ranjan"]
[Black "Sahil, Tickoo"]
[Result "0-1"]
[WhiteElo "2060"]
[BlackElo "2217"]
[PlyCount "71"]
[EventDate "2018.10.05"]
[EventType "swiss"]
[EventRounds "10"]
[EventCountry "IND"]
[SourceTitle "CBM 186 Extra"]
[Source "ChessBase"]
[SourceDate "2018.08.24"]
[SourceVersion "1"]
[SourceVersionDate "2018.08.24"]
[SourceQuality "1"]

1. d4 Nf6 2. c4 e6 3. Nc3 Bb4 4. e3 b6 5. Nge2 c5 6. a3 Ba5 7. Rb1 Na6 8. Bd2 0-0 9. Nf4 Bxc3 10. Bxc3 Ne4 11. Qc2 Nxc3 12. Qxc3 Qf6 13. Be2 Bb7 14. Rd1 Rfd8 15. 0-0 Rac8 16. Nh5 Qg5 17. d5 exd5 18. cxd5 Nc7 19. e4 Nb5 20. Qh3 Nd4 21. Bg4 f5 22. exf5 Bxd5 23. f4 Qh6 24. Rde1 Rf8 25. Re5 Bf7 26. f6 gxf6 27. Re7 f5 28. Bd1 Kh8 29. Rxd7 Rc6 30. Re1 Re6 31. Re3 Rfe8 32. Rxf7 Rxe3 33. Qh4 Re1+ 34. Kf2 R1e6 35. Rxa7 Qg6 36. Ng7 0-1

[Event "Gujarat op 1st"]
[Site "Ahmedabad"]
[Date "2018.10.07"]
[Round "4"]
[White "Sudhanshu, Ranjan"]
[Black "Bharath, Subramaniyam H"]
[Result "0-1"]
[WhiteElo "2060"]
[BlackElo "2276"]
[PlyCount "102"]
[EventDate "2018.10.05"]
[EventType "swiss"]
[EventRounds "10"]
[EventCountry "IND"]
[SourceTitle "CBM 186 Extra"]
[Source "ChessBase"]
[SourceDate "2018.08.24"]
[SourceVersion "1"]
[SourceVersionDate "2018.08.24"]
[SourceQuality "1"]

1. d4 d5 2. c4 c6 3. Nc3 Nf6 4. Nf3 e6 5. e3 Nbd7 6. Bd3 Bd6 7. 0-0 0-0 8. e4 dxc4 9. Bxc4 e5 10. Bg5 b5 11. Bb3 Bb7 12. Bh4 a6 13. Bg3 Qe7 14. dxe5 Bxe5 15. Nxe5 Nxe5 16. f4 Nc4 17. Qe2 Rfe8 18. Bxc4 bxc4 19. Rae1 Qc5+ 20. Bf2 Qb4 21. Bd4 Rad8 22. a3 Qb3 23. Bxf6 gxf6 24. Rf3 Qb6+ 25. Kh1 Rd3 26. Rxd3 cxd3 27. Qxd3 c5 28. h3 f5 29. Qg3+ Kf8 30. e5 Qxb2 31. Ne2 Re6 32. Qc3 Qxc3 33. Nxc3 Rg6 34. Re2 Rg3 35. Rc2 Rxh3+ 36. Kg1 Rg3 37. Na4 Be4 38. Re2 c4 39. Nc5 Bc6 40. Nxa6 Rxa3 41. Nb4 Be4 42. Nc2 Ra2 43. Nd4 Ra1+ 44. Kf2 c3 45. g4 Bd3 46. Re3 c2 47. Nb3 Rf1+ 48. Kg2 Rd1 49. gxf5 Bc4 50. Nc1 Rxc1 51. Rc3 Bd5+ 0-1

[Event "Bhopal op"]
[Site "Bhopal"]
[Date "2017.12.24"]
[Round "5"]
[White "Dhulipalla, Bala Chandra Prasad"]
[Black "Sudhanshu, Ranjan"]
[Result "1-0"]
[WhiteElo "2334"]
[BlackElo "1998"]
[PlyCount "105"]
[EventDate "2017.12.21"]
[EventType "swiss"]
[EventRounds "10"]
[EventCountry "IND"]
[SourceTitle "CBM 182 Extra"]
[Source "ChessBase"]
[SourceDate "2018.02.23"]
[SourceVersion "1"]
[SourceVersionDate "2018.02.23"]
[SourceQuality "1"]

1. d4 Nf6 2. Bf4 d5 3. e3 e6 4. Nd2 Bd6 5. Bg3 0-0 6. Bd3 b6 7. c3 Bb7 8. Qb1 c5 9. Ngf3 h6 10. Bxd6 Qxd6 11. Ne5 Nc6 12. f4 Rab8 13. 0-0 Bc8 14. g4 Nd7 15. Qe1 Ndxe5 16. fxe5 Qc7 17. Qh4 Qd8 18. Rf6 Ba6 19. Bxa6 b5 20. Nf3 cxd4 21. exd4 Rb6 22. g5 Ne7 23. gxh6 Ng6 24. Rxg6 fxg6 25. hxg7 Kxg7 26. Ng5 Rh8 27. Qg4 Rxa6 28. Rf1 Rf8 29. Rxf8 Kxf8 30. Qh4 Ke8 31. a3 Qe7 32. Qh6 Kd7 33. Qxg6 Rc6 34. Nh7 a5 35. Nf6+ Kc7 36. Qg8 Kb7 37. Ne8 b4 38. Nd6+ Ka7 39. axb4 axb4 40. Nc8+ Rxc8 41. Qxc8 Qg5+ 42. Kf2 Qf4+ 43. Ke2 Qxh2+ 44. Kd3 Qh7+ 45. Kd2 Qh2+ 46. Kc1 bxc3 47. Qxc3 Qe2 48. Kb1 Kb7 49. Ka2 Qc4+ 50. Qxc4 dxc4 51. Ka3 Kc6 52. Kb4 Kd5 53. Kc3 1-0